John jaani janardan : (Record no. 46952)

MARC details
000 -LEADER
fixed length control field 01188njm a22002897a 4500
005 - DATE AND TIME OF LATEST TRANSACTION
control field 20100918120820.0
007 - PHYSICAL DESCRIPTION FIXED FIELD--GENERAL INFORMATION
fixed length control field sd ammalaaahaa
008 - FIXED-LENGTH DATA ELEMENTS--GENERAL INFORMATION
fixed length control field 100918t xxu||||| |||| 00| 0 hin d
028 ## - PUBLISHER NUMBER
Publisher number IND. 1094
Source CBS
035 ## - SYSTEM CONTROL NUMBER
System control number GR-03668
040 ## - CATALOGING SOURCE
Original cataloging agency SED/VEN
100 ## - MAIN ENTRY--PERSONAL NAME
9 (RLIN) 20657
Personal name Janaki, S.
245 ## - TITLE STATEMENT
Title John jaani janardan :
Medium [sound recording] :
Remainder of title an original soundtrack recording /
Statement of responsibility, etc by S. Janaki & S. P. Balasubramanium ; music by Laxmikant Pyarelal ; Anand Bakshi
246 ## - VARYING FORM OF TITLE
Title proper/short title जॉन जानी जनार्दन (शैलेन्द्र सिंह)
260 ## - PUBLICATION, DISTRIBUTION, ETC. (IMPRINT)
Place of publication, distribution, etc Dum Dum India
Name of publisher, distributor, etc CBS
Date of publication, distribution, etc 1984
300 ## - PHYSICAL DESCRIPTION
Extent 1 sound disc [Gramophone record] :
Other physical details analog, 331/3 rpm
Dimensions 12 in (LP)
Type of unit Gramophone Record
500 ## - GENERAL NOTE
General note Brief Record
500 ## - GENERAL NOTE
General note CBS
500 ## - GENERAL NOTE
General note Orange
505 ## - FORMATTED CONTENTS NOTE
Formatted contents note Chat mangani aur pat shaadi part 1 (S. Janaki) Tu meri jaan hai Part 2 (Shailendra Singh)
650 ## - SUBJECT ADDED ENTRY--TOPICAL TERM
Form subdivision Filmi Song
General subdivision Excerpts
Geographic subdivision India
9 (RLIN) 20658
Topical term or geographic name as entry element Classical Music
700 ## - ADDED ENTRY--PERSONAL NAME
9 (RLIN) 20659
Personal name Balasubramanium, S. P.
700 ## - ADDED ENTRY--PERSONAL NAME
9 (RLIN) 20660
Personal name Kaxmikant Pyarelal
700 ## - ADDED ENTRY--PERSONAL NAME
9 (RLIN) 20674
Personal name Bakshi, Anand
942 ## - ADDED ENTRY ELEMENTS (KOHA)
Source of classification or shelving scheme Dewey Decimal Classification
Item type Gramaphone Records
Holdings
Withdrawn status Lost status Source of classification or shelving scheme Damaged status Not for loan Collection code Home library Current library Date acquired Source of acquisition Total Checkouts Barcode Date last seen Copy number Price effective from Koha item type
    Dewey Decimal Classification   Not For Loan Non-fiction Central Library Central Library 20/09/2010 SED/VEN   GR-03668 20/09/2010 1 20/09/2010 Gramaphone Records

© Delhi Public Library
Hit Counter
free hit counter